| 000 | 00875cam a2200289 4500 | ||
|---|---|---|---|
| 999 |
_c15590 _d15590 |
||
| 001 | 3155584 | ||
| 003 | ARRUPE | ||
| 005 | 20170529114729.0 | ||
| 008 | 740723s1974 enk b 001 0 eng | ||
| 010 | _a 74171156 | ||
| 015 | _aGB*** | ||
| 020 | _a0198216947 | ||
| 040 |
_aDLC _cDLC _dDLC |
||
| 043 | _af------ | ||
| 050 | 0 | 0 |
_aDT19 _b.H46 |
| 082 | 0 | 0 |
_a960/.072 _219 |
| 100 | 1 |
_aHenige, David P. _931404 |
|
| 245 | 1 | 4 |
_aThe chronology of oral tradition; _bquest for a chimera, _cby David P. Henige. |
| 260 |
_aOxford, _bClarendon Press, _c1974. |
||
| 300 |
_a265 p. _c22 cm. |
||
| 350 | _a£4.75 | ||
| 440 | 0 |
_aOxford studies in African affairs _95367 |
|
| 504 | _aBibliography: p. [214]-253. | ||
| 650 | 0 |
_aOral tradition _zAfrica. _931405 |
|
| 651 | 0 |
_aAfrica _xHistoriography. _922525 |
|
| 906 |
_a7 _bcbc _corignew _d3 _encip _f19 _gy-gencatlg |
||
| 942 |
_2lcc _cMONOGRAPH |
||